Open secret / (Record no. 23120)

MARC details
000 -LEADER
fixed length control field 00571nam a2200229Ia 4500
003 - CONTROL NUMBER IDENTIFIER
control field OSt
005 - DATE AND TIME OF LATEST TRANSACTION
control field 20230418135152.0
008 - FIXED-LENGTH DATA ELEMENTS--GENERAL INFORMATION
fixed length control field 210324s9999||||xx |||||||||||||| ||und||
020 ## - INTERNATIONAL STANDARD BOOK NUMBER
International Standard Book Number 061360929
040 ## - CATALOGING SOURCE
Transcribing agency STCPL
041 ## - LANGUAGE CODE
Language code of text/sound track or separate title English
082 ## - DEWEY DECIMAL CLASSIFICATION NUMBER
Classification number 327.73
Item number VIR-O
245 #0 - TITLE STATEMENT
Title Open secret /
Statement of responsibility, etc. edied by Virginia Brodine and Mark Selden
260 ## - PUBLICATION, DISTRIBUTION, ETC.
Place of publication, distribution, etc. London :
Name of publisher, distributor, etc. Harper And Row Publishers ,
Date of publication, distribution, etc. 1972.
300 ## - PHYSICAL DESCRIPTION
Extent 218 p.
Other physical details Paper Back
650 ## - SUBJECT ADDED ENTRY--TOPICAL TERM
Topical term or geographic name entry element General
942 ## - ADDED ENTRY ELEMENTS (KOHA)
Koha item type Books
700 ## - ADDED ENTRY--PERSONAL NAME
Personal name Brodine, Virginia (ed.)
700 ## - ADDED ENTRY--PERSONAL NAME
Personal name Selden, Mark (ed.)
942 ## - ADDED ENTRY ELEMENTS (KOHA)
Source of classification or shelving scheme Dewey Decimal Classification
942 ## - ADDED ENTRY ELEMENTS (KOHA)
Source of classification or shelving scheme Dewey Decimal Classification
Holdings
Withdrawn status Lost status Source of classification or shelving scheme Damaged status Collection code Not for loan Home library Current library Shelving location Date acquired Cost, normal purchase price Total Checkouts Full call number Barcode Date last seen Price effective from Koha item type
    Dewey Decimal Classification   Political Science   ST. THOMAS COLLEGE LIBRARY, PALAI ST. THOMAS COLLEGE LIBRARY, PALAI Political Science 2021-07-10 87.00   327.73 VIR-O 33767 2021-07-10 2021-07-10 Books
Rights reserved ©2021 ST. THOMAS COLLEGE LIBRARY
A joint venture of - St. Thomas College Library and
Department of Computer Science, St. Thomas Collge Palai